000 006310000a22001810004500
003 MACL
005 20160403140209.0
008 160403b xxu||||| |||| 00| 0 eng d
040 _aMACL
_cMACL
041 _aHindi
082 _a320
100 _aकाका साहेब कालेलकर
_948878
245 _aसत्‍याग्रह विचार और युद्ध नीति
260 _bगांधी हिन्‍दुस्‍तानी साहित्‍य सभा
_c2006
_aदिल्‍ली
350 _a100
650 _aPolitical Sci.
_950280
942 _cHIN
_k320/KAL
_2ddc
999 _c42785
_d42785